Il sovrannaturale nell' uomo: conferenze recitate nella Metropolitana di Genova
Gespeichert in:
| 1. Verfasser: | |
|---|---|
| Format: | Buch |
| Sprache: | Italienisch Latein |
| Veröffentlicht: |
Génova
Tipografia della Gioventu
1872
|
| Ausgabe: | 1a. ed |
| Schlagworte: | |
| Tags: |
Tag hinzufügen
Keine Tags, Fügen Sie den ersten Tag hinzu!
|
MARC
| LEADER | 00000cam a2200000 a 4500 | ||
|---|---|---|---|
| 001 | UCD2129 | ||
| 003 | CL-VaPUC | ||
| 008 | 160414e18720000it |||||||||||||||||ita|d | ||
| 041 | 0 | 7 | |a ita |2 CL-VaPUC |
| 041 | 0 | 7 | |a lat |2 CL-VaPUC |
| 082 | 0 | 4 | |a 261.8 |b ALI |2 21 |
| 100 | 0 | |a Alimonda, Gaetano |e author |9 585390 | |
| 245 | 1 | 3 | |a Il sovrannaturale nell' uomo: conferenze recitate nella Metropolitana di Genova |
| 250 | |a 1a. ed | ||
| 300 | |a v | ||
| 942 | |c BK | ||
| 945 | |d 20160414 22:20:00 |a dcastane | ||
| 260 | |a Génova |b Tipografia della Gioventu |c 1872 | ||
| 650 | 0 | |a Cristianismo |9 257361 | |
| 650 | 0 | |a Vida eterna |9 540336 | |
| 650 | 0 | |a Sobrenatural |9 394699 | |
| 583 | |a last modification |c 20160414 22:20:00 |k Rodrigo Vera | ||
| 999 | |c 363324 |d 363322 | ||
| 952 | |0 0 |1 0 |3 erd |4 0 |6 261_800000000000000_ALI_1872 |7 0 |8 X |9 475473 |a BIBTEO |b BIBTEO |c TEO_FFR |h t.3 |i 5223539 |o 261.8 ALI 1872 |p 5223539 |r 2024-01-18 |w 2019-11-24 |y BK_X |z Catalogado en:20160414 |k OFM | ||
| 952 | |0 0 |1 0 |3 erd |4 0 |6 261_800000000000000_ALI_1872 |7 0 |8 X |9 475474 |a BIBTEO |b BIBTEO |c TEO_FFR |h v.4 |i 5223547 |o 261.8 ALI 1872 |p 5223547 |r 2024-01-18 |w 2019-11-24 |y BK_X |z Catalogado en:20160414 |k OFM | ||